| 000 | 01314cam a2200277 a 4500 | ||
|---|---|---|---|
| 999 |
_c328524 _d328524 |
||
| 001 | 12888781 | ||
| 003 | Nust | ||
| 005 | 20170411102702.0 | ||
| 008 | 020809s2003 maub 000 0 eng | ||
| 010 | _a 2002032710 | ||
| 020 | _a9780140281118 | ||
| 040 |
_aDLC _cDLC _dDLC |
||
| 043 | _af------ | ||
| 050 | 0 | 0 |
_aDT12.25 _b.T48 2003 |
| 082 | 0 | 0 |
_a916.04329 _bTHE |
| 100 | 1 | _aTheroux, Paul. | |
| 245 | 1 | 0 |
_aDark star safari : _boverland from Cairo to Cape Town / _cPaul Theroux. |
| 260 |
_aBoston : _bHoughton Mifflin, _c2003. |
||
| 300 |
_a494 p. : _bmaps ; _c24 cm. |
||
| 651 | 0 |
_aAfrica _xDescription and travel. |
|
| 856 | 4 | 1 |
_3Sample text _uhttp://www.loc.gov/catdir/samples/hm051/2002032710.html |
| 856 | 4 | 2 |
_3Publisher description _uhttp://www.loc.gov/catdir/description/hm031/2002032710.html |
| 856 | 4 | 1 |
_3Table of contents _uhttp://www.loc.gov/catdir/toc/hm031/2002032710.html |
| 856 | 4 | 2 |
_3Contributor biographical information _uhttp://www.loc.gov/catdir/enhancements/fy0736/2002032710-b.html |
| 906 |
_a7 _bcbc _corignew _d1 _eocip _f20 _gy-gencatlg |
||
| 942 |
_2ddc _cBK |
||